00307pab a2200121 454500008004000000100002900040245005100069260000900120300000900129362001400138650000900152773002400161180718b1988 xxu||||| |||| 00| 0 eng d aGass, Saul I. and others aThe army manpower long - range planning system c1988 a5-17 aJan.-Feb. aArmy aOperations Research